000 00891nam a22002657a 4500
003 DO-SdBNP
005 20240316073906.0
007 ta
008 210917b 2018 dr||||| |||| 00| 0 spa d
020 _a9789945473568
040 _aDO-SdBNP
_bspa
_cBNPHU
082 4 _aRD863.44
_bM425p, 2018
_222
100 1 _aMateo, Andrés L.,
_d 1946-
_9776
245 1 0 _aPisar los dedos de Dios /
_cAndrés L. Mateo; prólogo, Marcio Veloz Maggiolo.
250 _a2a. ed.
260 _aSanto Domingo :
_bSantuario,
_c2018.
300 _a117 p. ;
_c23 cm.
500 _aIncluye datos biográficos del autor en las solapa de la cubierta
590 _aInventariado, 2021/BT
650 4 _aNovela dominicana
_980838
650 4 _aLiteratura dominicana
_980839
700 1 _aVeloz Maggiolo, Marcio,
_d1936-2021
_epról.
_91104
910 _aBtavarez/Validado. Control de calidad MFF
942 _2ddc
_cLBS1
999 _c50561
_d50561